000 00294nam a2200121Ia 4500
008 240624s9999 xx 000 0 und d
041 _aeng
082 _a658.8 LEV
100 _aLEVITT THEODORE M
245 _aMARKETING IMAGINATION
260 _c1986
_aNew York
_bFree Press
300 _a238 : p.
999 _c17097
_d17097